000 00637nam a2200229 a 4500
001 000022166
005 20250207093022.0
008 100917s1996 sp 000 j spa d
020 _a8420646911
040 _aDO-SdBNP
_bspa
_cBNPHU
082 _aB869.4
_bA481m
100 1 _aAmado, Jorge
_d1912-2001
_910009
245 1 0 _aMemoria de un niño /
_cJorge Amado.
260 _aMadrid :
_bAlianza,
_c1996.
300 _a63 p. ;
_c15 cm.
490 1 _aAlianza cien
_v91
650 0 _aNovela brasileña
_913650
650 4 _aLiteratura brasileña
_ySIGLO XX
_94716
830 0 _aAlianza cien ;
_v91
_912832
910 _aWM
049 _aBNPHU
999 _c21664
_d21664